Ice cream field.

Bibliographic Details
New Title:Ice cream trade journal
Ice cream field and ice cream trade journal
Format: Journal
Language:English
Published: New York, etc. : I.C.F. Publishing Co.
Subjects:
Online Availability: Check for online availability

MARC

Tag First Indicator Second Indicator Subfields
LEADER 00000cas a2200000 4500
001 in00000047527
005 20151007073358.0
008 750901d19221965nyumr1p 0uuua0eng
010 |a sf 77000094  
012 |a 3  |e n  |z n 
022 |a 0096-2546 
035 |a (OCoLC)01588905 
035 |9 AAE9612AM 
040 |a MUL  |c MUL  |d NSD  |d DLC  |d TXA  |d UtOrBLW 
042 |a nsdp  |a lc 
049 |a TXAE 
090 |a TX795.A1  |b I382 
222 0 |a Ice cream field 
245 0 0 |a Ice cream field. 
264 1 |a New York, etc. :  |b I.C.F. Publishing Co. 
300 |a 86 volumes :  |b illustrations ;  |c 30 cm.  |a monthly. 
336 |a text  |b txt  |2 rdacontent 
337 |a unmediated  |b n  |2 rdamedia 
338 |a volume  |b nc  |2 rdacarrier 
362 0 |a v. 1-86, no. 3; 1922-Sept. 1965. 
650 0 |a Ice cream, ices, etc.  |x Periodicals. 
785 0 7 |t Ice cream trade journal 
785 0 7 |t Ice cream field and ice cream trade journal 
999 |a MARS 
999 f f |s a7ef9827-58f0-3282-911e-85649587ee2e  |i 17c57ac7-70f2-332f-8deb-f53f9a8f2e20  |t 0 
952 f f |p storage  |a Texas A&M University  |b J.J. Pickle Campus  |c High Density Repository  |d Remote Storage  |t 0  |e TX795.A1 I382  |h Library of Congress classification  |i unmediated -- volume  |k v.41  |l 1943  |m A14834210692 
952 f f |p storage  |a Texas A&M University  |b J.J. Pickle Campus  |c High Density Repository  |d Remote Storage  |t 0  |e TX795.A1 I382  |h Library of Congress classification  |i unmediated -- volume  |k v.18  |l 1930-1931  |m A14834210529 
952 f f |p storage  |a Texas A&M University  |b J.J. Pickle Campus  |c High Density Repository  |d Remote Storage  |t 0  |e TX795.A1 I382  |h Library of Congress classification  |i unmediated -- volume  |k v.61  |l 1953  |m A14834210896 
952 f f |p storage  |a Texas A&M University  |b J.J. Pickle Campus  |c High Density Repository  |d Remote Storage  |t 0  |e TX795.A1 I382  |h Library of Congress classification  |i unmediated -- volume  |k v.51  |l 1948  |m A14834210799 
952 f f |p storage  |a Texas A&M University  |b J.J. Pickle Campus  |c High Density Repository  |d Remote Storage  |t 0  |e TX795.A1 I382  |h Library of Congress classification  |i unmediated -- volume  |k v.34  |l 1939  |m A14834210626 
952 f f |p storage  |a Texas A&M University  |b J.J. Pickle Campus  |c High Density Repository  |d Remote Storage  |t 0  |e TX795.A1 I382  |h Library of Congress classification  |i unmediated -- volume  |k v.76  |l 1960  |m A14834211046 
952 f f |p storage  |a Texas A&M University  |b J.J. Pickle Campus  |c High Density Repository  |d Remote Storage  |t 0  |e TX795.A1 I382  |h Library of Congress classification  |i unmediated -- volume  |k v.13:no.1,3-6  |l 1928  |m A14834206635 
952 f f |p storage  |a Texas A&M University  |b J.J. Pickle Campus  |c High Density Repository  |d Remote Storage  |t 0  |e TX795.A1 I382  |h Library of Congress classification  |i unmediated -- volume  |k v.35  |l 1940  |m A14834210634 
952 f f |p storage  |a Texas A&M University  |b J.J. Pickle Campus  |c High Density Repository  |d Remote Storage  |t 0  |e TX795.A1 I382  |h Library of Congress classification  |i unmediated -- volume  |k v.15  |l 1929  |m A14834210498 
952 f f |p storage  |a Texas A&M University  |b J.J. Pickle Campus  |c High Density Repository  |d Remote Storage  |t 0  |e TX795.A1 I382  |h Library of Congress classification  |i unmediated -- volume  |k v.38  |l 1941  |m A14834210668 
952 f f |p storage  |a Texas A&M University  |b J.J. Pickle Campus  |c High Density Repository  |d Remote Storage  |t 0  |e TX795.A1 I382  |h Library of Congress classification  |i unmediated -- volume  |k v.72  |l 1958  |m A14834211004 
952 f f |p storage  |a Texas A&M University  |b J.J. Pickle Campus  |c High Density Repository  |d Remote Storage  |t 0  |e TX795.A1 I382  |h Library of Congress classification  |i unmediated -- volume  |k v.14:no.1-3,5-6  |l 1928-1929  |m A14834210480 
952 f f |p storage  |a Texas A&M University  |b J.J. Pickle Campus  |c High Density Repository  |d Remote Storage  |t 0  |e TX795.A1 I382  |h Library of Congress classification  |i unmediated -- volume  |k v.24-25  |l 1933-1934  |m A14834210561 
952 f f |p storage  |a Texas A&M University  |b J.J. Pickle Campus  |c High Density Repository  |d Remote Storage  |t 0  |e TX795.A1 I382  |h Library of Congress classification  |i unmediated -- volume  |k v.52  |l 1948  |m A14834210804 
952 f f |p storage  |a Texas A&M University  |b J.J. Pickle Campus  |c High Density Repository  |d Remote Storage  |t 0  |e TX795.A1 I382  |h Library of Congress classification  |i unmediated -- volume  |k v.46  |l 1945  |m A14834210749 
952 f f |p storage  |a Texas A&M University  |b J.J. Pickle Campus  |c High Density Repository  |d Remote Storage  |t 0  |e TX795.A1 I382  |h Library of Congress classification  |i unmediated -- volume  |k v.75  |l 1960  |m A14834211038 
952 f f |p storage  |a Texas A&M University  |b J.J. Pickle Campus  |c High Density Repository  |d Remote Storage  |t 0  |e TX795.A1 I382  |h Library of Congress classification  |i unmediated -- volume  |k v.30-31  |l 1936-1937  |m A14834210595 
952 f f |p storage  |a Texas A&M University  |b J.J. Pickle Campus  |c High Density Repository  |d Remote Storage  |t 0  |e TX795.A1 I382  |h Library of Congress classification  |i unmediated -- volume  |k v.68  |l 1956  |m A14834210969 
952 f f |p storage  |a Texas A&M University  |b J.J. Pickle Campus  |c High Density Repository  |d Remote Storage  |t 0  |e TX795.A1 I382  |h Library of Congress classification  |i unmediated -- volume  |k v.45  |l 1945  |m A14834210731 
952 f f |p storage  |a Texas A&M University  |b J.J. Pickle Campus  |c High Density Repository  |d Remote Storage  |t 0  |e TX795.A1 I382  |h Library of Congress classification  |i unmediated -- volume  |k v.73  |l 1959  |m A14834211012 
952 f f |p storage  |a Texas A&M University  |b J.J. Pickle Campus  |c High Density Repository  |d Remote Storage  |t 0  |e TX795.A1 I382  |h Library of Congress classification  |i unmediated -- volume  |k v.50  |l 1947  |m A14834210781 
952 f f |p storage  |a Texas A&M University  |b J.J. Pickle Campus  |c High Density Repository  |d Remote Storage  |t 0  |e TX795.A1 I382  |h Library of Congress classification  |i unmediated -- volume  |k v.53  |l 1949  |m A14834210812 
952 f f |p storage  |a Texas A&M University  |b J.J. Pickle Campus  |c High Density Repository  |d Remote Storage  |t 0  |e TX795.A1 I382  |h Library of Congress classification  |i unmediated -- volume  |k v.55  |l 1950  |m A14834210838 
952 f f |p storage  |a Texas A&M University  |b J.J. Pickle Campus  |c High Density Repository  |d Remote Storage  |t 0  |e TX795.A1 I382  |h Library of Congress classification  |i unmediated -- volume  |k v.43  |l 1944  |m A14834210715 
952 f f |p storage  |a Texas A&M University  |b J.J. Pickle Campus  |c High Density Repository  |d Remote Storage  |t 0  |e TX795.A1 I382  |h Library of Congress classification  |i unmediated -- volume  |k v.85  |l 1965  |m A14834211779 
952 f f |p storage  |a Texas A&M University  |b J.J. Pickle Campus  |c High Density Repository  |d Remote Storage  |t 0  |e TX795.A1 I382  |h Library of Congress classification  |i unmediated -- volume  |k v.84  |l 1964  |m A14834211761 
952 f f |p storage  |a Texas A&M University  |b J.J. Pickle Campus  |c High Density Repository  |d Remote Storage  |t 0  |e TX795.A1 I382  |h Library of Congress classification  |i unmediated -- volume  |k v.42:no.2-6  |l 1943  |m A14834210707 
952 f f |p storage  |a Texas A&M University  |b J.J. Pickle Campus  |c High Density Repository  |d Remote Storage  |t 0  |e TX795.A1 I382  |h Library of Congress classification  |i unmediated -- volume  |k v.86  |l 1965  |m A14834211787 
952 f f |p storage  |a Texas A&M University  |b J.J. Pickle Campus  |c High Density Repository  |d Remote Storage  |t 0  |e TX795.A1 I382  |h Library of Congress classification  |i unmediated -- volume  |k v.59  |l 1952  |m A14834210870 
952 f f |p storage  |a Texas A&M University  |b J.J. Pickle Campus  |c High Density Repository  |d Remote Storage  |t 0  |e TX795.A1 I382  |h Library of Congress classification  |i unmediated -- volume  |k v.47  |l 1946  |m A14834210757 
952 f f |p storage  |a Texas A&M University  |b J.J. Pickle Campus  |c High Density Repository  |d Remote Storage  |t 0  |e TX795.A1 I382  |h Library of Congress classification  |i unmediated -- volume  |k v.16  |l 1929-1930  |m A14834210503 
952 f f |p storage  |a Texas A&M University  |b J.J. Pickle Campus  |c High Density Repository  |d Remote Storage  |t 0  |e TX795.A1 I382  |h Library of Congress classification  |i unmediated -- volume  |k v.58  |l 1951  |m A14834210862 
952 f f |p storage  |a Texas A&M University  |b J.J. Pickle Campus  |c High Density Repository  |d Remote Storage  |t 0  |e TX795.A1 I382  |h Library of Congress classification  |i unmediated -- volume  |k v.44  |l 1944  |m A14834210723 
952 f f |p storage  |a Texas A&M University  |b J.J. Pickle Campus  |c High Density Repository  |d Remote Storage  |t 0  |e TX795.A1 I382  |h Library of Congress classification  |i unmediated -- volume  |k v.70  |l 1957  |m A14834210985 
952 f f |p storage  |a Texas A&M University  |b J.J. Pickle Campus  |c High Density Repository  |d Remote Storage  |t 0  |e TX795.A1 I382  |h Library of Congress classification  |i unmediated -- volume  |k v.67  |l 1956  |m A14834210951 
952 f f |p storage  |a Texas A&M University  |b J.J. Pickle Campus  |c High Density Repository  |d Remote Storage  |t 0  |e TX795.A1 I382  |h Library of Congress classification  |i unmediated -- volume  |k v.33  |l 1939  |m A14834210618 
952 f f |p storage  |a Texas A&M University  |b J.J. Pickle Campus  |c High Density Repository  |d Remote Storage  |t 0  |e TX795.A1 I382  |h Library of Congress classification  |i unmediated -- volume  |k v.6:no.1-5  |l 1924-1925  |m A14834206588 
952 f f |p storage  |a Texas A&M University  |b J.J. Pickle Campus  |c High Density Repository  |d Remote Storage  |t 0  |e TX795.A1 I382  |h Library of Congress classification  |i unmediated -- volume  |k v.39  |l 1942  |m A14834210676 
952 f f |p storage  |a Texas A&M University  |b J.J. Pickle Campus  |c High Density Repository  |d Remote Storage  |t 0  |e TX795.A1 I382  |h Library of Congress classification  |i unmediated -- volume  |k v.65  |l 1955  |m A14834210935 
952 f f |p storage  |a Texas A&M University  |b J.J. Pickle Campus  |c High Density Repository  |d Remote Storage  |t 0  |e TX795.A1 I382  |h Library of Congress classification  |i unmediated -- volume  |k v.64  |l 1954  |m A14834210927 
952 f f |p storage  |a Texas A&M University  |b J.J. Pickle Campus  |c High Density Repository  |d Remote Storage  |t 0  |e TX795.A1 I382  |h Library of Congress classification  |i unmediated -- volume  |k v.40  |l 1942  |m A14834210684 
952 f f |p storage  |a Texas A&M University  |b J.J. Pickle Campus  |c High Density Repository  |d Remote Storage  |t 0  |e TX795.A1 I382  |h Library of Congress classification  |i unmediated -- volume  |k v.66  |l 1955  |m A14834210943 
952 f f |p storage  |a Texas A&M University  |b J.J. Pickle Campus  |c High Density Repository  |d Remote Storage  |t 0  |e TX795.A1 I382  |h Library of Congress classification  |i unmediated -- volume  |k v.48  |l 1946  |m A14834210765 
952 f f |p storage  |a Texas A&M University  |b J.J. Pickle Campus  |c High Density Repository  |d Remote Storage  |t 0  |e TX795.A1 I382  |h Library of Congress classification  |i unmediated -- volume  |k v.63  |l 1954  |m A14834210919 
952 f f |p storage  |a Texas A&M University  |b J.J. Pickle Campus  |c High Density Repository  |d Remote Storage  |t 0  |e TX795.A1 I382  |h Library of Congress classification  |i unmediated -- volume  |k v.11:no.1-2,4-6  |l 1927  |m A14834206619 
952 f f |p storage  |a Texas A&M University  |b J.J. Pickle Campus  |c High Density Repository  |d Remote Storage  |t 0  |e TX795.A1 I382  |h Library of Congress classification  |i unmediated -- volume  |k v.60  |l 1952  |m A14834210888 
952 f f |p storage  |a Texas A&M University  |b J.J. Pickle Campus  |c High Density Repository  |d Remote Storage  |t 0  |e TX795.A1 I382  |h Library of Congress classification  |i unmediated -- volume  |k v.83  |l 1964  |m A14834211119 
952 f f |p storage  |a Texas A&M University  |b J.J. Pickle Campus  |c High Density Repository  |d Remote Storage  |t 0  |e TX795.A1 I382  |h Library of Congress classification  |i unmediated -- volume  |k v.9:no.1-5  |l 1926  |m A14834206596 
952 f f |p storage  |a Texas A&M University  |b J.J. Pickle Campus  |c High Density Repository  |d Remote Storage  |t 0  |e TX795.A1 I382  |h Library of Congress classification  |i unmediated -- volume  |k v.77  |l 1961  |m A14834211054 
952 f f |p storage  |a Texas A&M University  |b J.J. Pickle Campus  |c High Density Repository  |d Remote Storage  |t 0  |e TX795.A1 I382  |h Library of Congress classification  |i unmediated -- volume  |k v.32  |l 1938  |m A14834210600 
952 f f |p storage  |a Texas A&M University  |b J.J. Pickle Campus  |c High Density Repository  |d Remote Storage  |t 0  |e TX795.A1 I382  |h Library of Congress classification  |i unmediated -- volume  |k v.80  |l 1962  |m A14834211088 
952 f f |p storage  |a Texas A&M University  |b J.J. Pickle Campus  |c High Density Repository  |d Remote Storage  |t 0  |e TX795.A1 I382  |h Library of Congress classification  |i unmediated -- volume  |k v.56  |l 1950  |m A14834210846 
952 f f |p storage  |a Texas A&M University  |b J.J. Pickle Campus  |c High Density Repository  |d Remote Storage  |t 0  |e TX795.A1 I382  |h Library of Congress classification  |i unmediated -- volume  |k v.19  |l 1931  |m A14834210537 
952 f f |p storage  |a Texas A&M University  |b J.J. Pickle Campus  |c High Density Repository  |d Remote Storage  |t 0  |e TX795.A1 I382  |h Library of Congress classification  |i unmediated -- volume  |k v.37  |l 1941  |m A14834210650 
952 f f |p storage  |a Texas A&M University  |b J.J. Pickle Campus  |c High Density Repository  |d Remote Storage  |t 0  |e TX795.A1 I382  |h Library of Congress classification  |i unmediated -- volume  |k v.54  |l 1949  |m A14834210820 
952 f f |p storage  |a Texas A&M University  |b J.J. Pickle Campus  |c High Density Repository  |d Remote Storage  |t 0  |e TX795.A1 I382  |h Library of Congress classification  |i unmediated -- volume  |k v.49  |l 1947  |m A14834210773 
952 f f |p storage  |a Texas A&M University  |b J.J. Pickle Campus  |c High Density Repository  |d Remote Storage  |t 0  |e TX795.A1 I382  |h Library of Congress classification  |i unmediated -- volume  |k v.57  |l 1951  |m A14834210854 
952 f f |p storage  |a Texas A&M University  |b J.J. Pickle Campus  |c High Density Repository  |d Remote Storage  |t 0  |e TX795.A1 I382  |h Library of Congress classification  |i unmediated -- volume  |k v.79  |l 1962  |m A14834211070 
952 f f |p storage  |a Texas A&M University  |b J.J. Pickle Campus  |c High Density Repository  |d Remote Storage  |t 0  |e TX795.A1 I382  |h Library of Congress classification  |i unmediated -- volume  |k v.69  |l 1957  |m A14834210977 
952 f f |p storage  |a Texas A&M University  |b J.J. Pickle Campus  |c High Density Repository  |d Remote Storage  |t 0  |e TX795.A1 I382  |h Library of Congress classification  |i unmediated -- volume  |k v.62  |l 1953  |m A14834210901 
952 f f |p storage  |a Texas A&M University  |b J.J. Pickle Campus  |c High Density Repository  |d Remote Storage  |t 0  |e TX795.A1 I382  |h Library of Congress classification  |i unmediated -- volume  |k v.78  |l 1961  |m A14834211062 
952 f f |p storage  |a Texas A&M University  |b J.J. Pickle Campus  |c High Density Repository  |d Remote Storage  |t 0  |e TX795.A1 I382  |h Library of Congress classification  |i unmediated -- volume  |k v.82  |l 1963  |m A14834211101 
952 f f |p storage  |a Texas A&M University  |b J.J. Pickle Campus  |c High Density Repository  |d Remote Storage  |t 0  |e TX795.A1 I382  |h Library of Congress classification  |i unmediated -- volume  |k v.74  |l 1959  |m A14834211020 
952 f f |p storage  |a Texas A&M University  |b J.J. Pickle Campus  |c High Density Repository  |d Remote Storage  |t 0  |e TX795.A1 I382  |h Library of Congress classification  |i unmediated -- volume  |k v.22-23  |l 1932-1933  |m A14834210553 
952 f f |p storage  |a Texas A&M University  |b J.J. Pickle Campus  |c High Density Repository  |d Remote Storage  |t 0  |e TX795.A1 I382  |h Library of Congress classification  |i unmediated -- volume  |k v.12  |l 1927-1928  |m A14834206627 
952 f f |p storage  |a Texas A&M University  |b J.J. Pickle Campus  |c High Density Repository  |d Remote Storage  |t 0  |e TX795.A1 I382  |h Library of Congress classification  |i unmediated -- volume  |k v.26-27  |l 1934-1935  |m A14834210579 
952 f f |p storage  |a Texas A&M University  |b J.J. Pickle Campus  |c High Density Repository  |d Remote Storage  |t 0  |e TX795.A1 I382  |h Library of Congress classification  |i unmediated -- volume  |k v.36  |l 1940  |m A14834210642 
952 f f |p storage  |a Texas A&M University  |b J.J. Pickle Campus  |c High Density Repository  |d Remote Storage  |t 0  |e TX795.A1 I382  |h Library of Congress classification  |i unmediated -- volume  |k v.71  |l 1958  |m A14834210993 
952 f f |p storage  |a Texas A&M University  |b J.J. Pickle Campus  |c High Density Repository  |d Remote Storage  |t 0  |e TX795.A1 I382  |h Library of Congress classification  |i unmediated -- volume  |k v.81  |l 1963  |m A14834211096 
952 f f |p storage  |a Texas A&M University  |b J.J. Pickle Campus  |c High Density Repository  |d Remote Storage  |t 0  |e TX795.A1 I382  |h Library of Congress classification  |i unmediated -- volume  |k v.17  |l 1930  |m A14834210511 
952 f f |p storage  |a Texas A&M University  |b J.J. Pickle Campus  |c High Density Repository  |d Remote Storage  |t 0  |e TX795.A1 I382  |h Library of Congress classification  |i unmediated -- volume  |k v.10:no.1,3-6  |l 1926-1927  |m A14834206601 
952 f f |p storage  |a Texas A&M University  |b J.J. Pickle Campus  |c High Density Repository  |d Remote Storage  |t 0  |e TX795.A1 I382  |h Library of Congress classification  |i unmediated -- volume  |k v.20-21  |l 1931-1932  |m A14834210545 
952 f f |p storage  |a Texas A&M University  |b J.J. Pickle Campus  |c High Density Repository  |d Remote Storage  |t 0  |e TX795.A1 I382  |h Library of Congress classification  |i unmediated -- volume  |k v.28-29  |l 1935-1936  |m A14834210587 
998 f f |a TX795.A1 I382  |s v.43-86 (1944-1965)  |t 0  |l Remote Storage